000 00296nam a2200133 i 4500
001 bg
100 1 _aSINIUGINA, L.
245 0 _aPasje poskromione /
_cL. Siniugina.
260 _aWarszawa,
_c1985.
040 _cBPK
041 _apol
942 _cKS
008 s pl f |000 0 pol
999 _c22983
_d22983
856 _uhttp://koha.tu.koszalin.pl/cgi-bin/koha/opac-detail.pl?biblionumber=22983
_yKatalog online BPK